U.S. States With Timber Rattlesnakes - Sudden Death - Statistics

General Stats
  • This quiz has been taken 16 times
  • The average score is 8 of 28
Answers on the Grid
Answers color-coded by a green-red scale on the quiz's grid according to % correct below.
Vermont
Arizona
Massachussets
utah
Wyoming
Alabama
Colorado
Mississippi
North Carolina
New Mexico
New York
alaska
michigan
New Hampshire
Maryland
Montana
New Jersey
Pennsylvania
North Dakota
West Virginia
Ohio
Indiana
Kentucky
Georgia
Texas
Idaho
California
South Carolina
Missouri
Kansas
South Dakota
Minnesota
Rhode Island
Arkansas
Maine
Illinois
Oregon
Nevada
Connecticut
Washington
Oklahoma
Delaware
Hawaii
Nebraska
Wisconsin
Iowa
Louisiana
Florida
 
Answer Stats
Answer % Correct
North Carolina
60%
Vermont
60%
Alabama
40%
Arkansas
40%
Florida
40%
Georgia
40%
Kentucky
40%
Louisiana
40%
Mississippi
40%
Missouri
40%
New York
40%
Ohio
40%
Oklahoma
40%
Pennsylvania
40%
South Carolina
40%
Texas
40%
West Virginia
40%
Illinois
20%
Indiana
20%
Kansas
20%
Maryland
20%
New Hampshire
20%
New Jersey
20%
Connecticut
0%
Massachussets
0%
Minnesota
0%
Nebraska
0%
Wisconsin
0%
No matching quizzes found
Score Distribution
Percent of People with Each Score
Percentile by Number Answered
Your Score History
You have not taken this quiz